Zwierzęta o największej sile zgryzu na świecie - Statystyki

Ogólne statystyki
  • Ten quiz został rozwiązany 1 042 razy
  • Średni wynik to 4 z 11
Statystyki odpowiedzi
Nie Jednostka ( kg/cm2) Animal % Poprawnych
6 94,91 Żarłacz tępogłowy
69%
3 149,40 Aligator amerykański
67%
4 128,31 Hipopotam
63%
10 77,33 Hiena
45%
8 84,36 Niedźwiedź polarny
30%
5 105,46 Jaguar amerykański
26%
9 81,55 Niedźwiedź grizzly
23%
1 351,53 Krokodyl Nilowy
20%
2 259,43 Krokodyl różańcowy
19%
7 91,39 Goryl
17%
Siła zgryzu człowieka = 11,38 kg/cm2 1
1%
Nie znaleziono quizów pasujących do podanych kryteriów
Rozkład punktacji
Procent ludzi z każdym wynikiem
Percentyl według liczby udzielonych odpowiedzi
Twoja historia wyników
Nie rozwiązałeś tego quizu